000 00821nam a2200253Ia 4500
003 OSt
005 20220923221004.0
006 a|||||r|||| 00| 0
007 ta
008 220922b |||||||| |||| 00| 0 hin d
024 _a193,442
037 _cTextual
040 _aARTS
_cARTS
_bhin
041 _2hin
_ahin
082 _aO152,3x, L6
100 _aजेरथ, अशोक, संपा.
245 0 _aदेवदार की छाया तले
246 _aDevadār kī chhāyā tale
260 _aजम्मू
_b हिन्दी साहित्य मण्डल
_c1976
300 _a84पृ.
_ccm.
650 _aहिन्दी साहित्य
_9156264
942 _hO152,3x, L6
_cTEXL
_2CC
999 _c345890
_d345890